| 000 | 00712nam a2200253Ia 4500 | ||
|---|---|---|---|
| 003 | OSt | ||
| 005 | 20221006142917.0 | ||
| 006 | a|||||r|||| 00| 0 | ||
| 007 | ta | ||
| 008 | 221006b |||||||| |||| 00| 0 eng d | ||
| 020 |
_c _23.50 |
||
| 024 | _a7,506 | ||
| 037 | _cTextual | ||
| 040 |
_aEASL _cEASL _beng |
||
| 041 |
_2eng _aeng |
||
| 082 | _aV42:1943-73.N84, M5 | ||
| 100 | _aMORRISON Charles E | ||
| 245 | 0 | _aJapan. the United States and a changing Southeast Asia | |
| 260 |
_aLanham _bAsia Society _c1985 |
||
| 300 |
_a69p. _ccm. |
||
| 490 |
_v JEL _aAsian Agenda Report, No. 1 |
||
| 942 |
_hV42:1943-73.N84, M5 _cTEXL _2CC |
||
| 999 |
_c1075592 _d1075592 |
||